| 000 | 00498nam a22001817a 4500 | ||
|---|---|---|---|
| 999 |
_c1884 _d1884 |
||
| 003 | DO-SdBJH | ||
| 005 | 20180130183049.0 | ||
| 008 | 171219b xxu||||| |||| 00| 0 eng d | ||
| 040 |
_aDO-SdBJH _bspa _cDO-SdBJH |
||
| 082 | _a355.007 A784i 1968 | ||
| 245 | _aInstruction for Field Artillery | ||
| 260 |
_aNew York : _bGreenwood Press, _c1968. |
||
| 300 | _a348 páginas : ilustrado | ||
| 490 | _aTextos en Ingles | ||
| 650 | _aEducación militar | ||
| 650 | _aArtillería | ||
| 942 |
_2ddc _cBK _z3 |
||